000 00477nam a2200169Ia 4500
003 OSt
005 20200821104859.0
008 190216s9999||||xx |||||||||||||| ||und||
020 _a9788120320864
040 _coclc
082 _a641.4
_bSIV/F
100 _aSivasankar, B
_94249
245 0 _aFood Processing And Preservation /
_cB Sivasankar
260 _bPhi Learning,
_c2013.
_aDelhi:
300 _a360p
942 _cBK
_2ddc
_h641.4
_iSIV/F
_k641.4
_mSIV/F
999 _c3572
_d3572